Central Library OPAC University of Rajshahi

The Persian letters / (Record no. 22199)

MARC details
000 -LEADER
fixed length control field 00956cam a22002892a 4500
001 - CONTROL NUMBER
control field 22199
003 - CONTROL NUMBER IDENTIFIER
rucl marc code BD-RjUL
005 - DATE AND TIME OF LATEST TRANSACTION
control field 20211209000758.0
008 - FIXED-LENGTH DATA ELEMENTS--GENERAL INFORMATION
fixed length control field 140306r19761964inu b 000 0 eng d
035 ## - SYSTEM CONTROL NUMBER
System control number (BD-RjUL)22264
040 ## - CATALOGING SOURCE
Original cataloging agency DLC
Transcribing agency WLU
Modifying agency SER
-- EQO
-- BD-RjUL
Language of cataloging eng
041 1# - LANGUAGE CODE
Language code of text/sound track or separate title engfre
082 04 - DEWEY DECIMAL CLASSIFICATION NUMBER
Classification number 891.56
Author mark and year MOP 1976
100 1# - MAIN ENTRY--PERSONAL NAME
Personal name Montesquieu, Charles de Secondat,
Dates associated with a name 1689-1755.
9 (RLIN) 68522
245 14 - TITLE STATEMENT
Title The Persian letters /
Statement of responsibility, etc. translated, and with an introduction by George R. Healy
260 ## - PUBLICATION, DISTRIBUTION, ETC. (IMPRINT)
Place of publication, distribution, etc. Indianapolis :
Name of publisher, distributor, etc. Bobbs-Merrill,
Date of publication, distribution, etc. 1964 [printing 1976].
300 ## - PHYSICAL DESCRIPTION
Pagination xxxviii, 273 p. ;
Size 21 cm
490 1# - SERIES STATEMENT
Series statement Library of liberal arts ;
Volume/sequential designation 131
504 ## - BIBLIOGRAPHY, ETC. NOTE
Bibliography, etc Bibliography: p. xx-xxii
650 1# - SUBJECT ADDED ENTRY--TOPICAL TERM
Topical term or geographic name as entry element Iranians -- Europe -- Fiction.
9 (RLIN) 68523
700 1# - ADDED ENTRY--PERSONAL NAME
Personal name Healy, George R.,
Dates associated with a name 1923-
830 #0 - SERIES ADDED ENTRY--UNIFORM TITLE
Volume number/sequential designation 131
830 #0 - SERIES ADDED ENTRY--UNIFORM TITLE
Uniform title Library of liberal arts ;
942 ## - ADDED ENTRY ELEMENTS (KOHA)
Source of classification or shelving scheme Dewey Decimal Classification
Koha item type Books
Holdings
Lost status Source of classification or shelving scheme Damaged status Not for loan Collection code Permanent Location Current Location Shelving location Date acquired Source of acquisition Total Checkouts Full call number Date last seen Copy number Koha item type
  Dewey Decimal Classification   Added to bundle Fiction Central Library, University of Rajshahi Central Library, University of Rajshahi Reading Room 15/06/1983 Asia foundation   891.56 MOP 1976 06/03/2014 C-1 Books